A manual of Hadith / (Record no. 23665)

MARC details
000 -LEADER
fixed length control field 00486nam a22001697a 4500
003 - CONTROL NUMBER IDENTIFIER
control field AUA.1
005 - DATE AND TIME OF LATEST TRANSACTION
control field 20220921181756.0
008 - FIXED-LENGTH DATA ELEMENTS--GENERAL INFORMATION
fixed length control field 220921b ||||| |||| 00| 0 eng d
020 ## - INTERNATIONAL STANDARD BOOK NUMBER
International Standard Book Number 9781461134701
040 ## - CATALOGING SOURCE
Transcribing agency JTL
050 ## - LIBRARY OF CONGRESS CALL NUMBER
Classification number BP135 .A1
Item number A45 2011
100 ## - MAIN ENTRY--PERSONAL NAME
Personal name Ali, Maulana Muhammad
245 ## - TITLE STATEMENT
Title A manual of Hadith /
Statement of responsibility, etc Maulana Muhammad Ali, M.A., LL.B.
260 ## - PUBLICATION, DISTRIBUTION, ETC. (IMPRINT)
Name of publisher, distributor, etc Zuu books;
Date of publication, distribution, etc 2011
650 ## - SUBJECT ADDED ENTRY--TOPICAL TERM
Topical term or geographic name as entry element Hadith
Form subdivision Manuals
942 ## - ADDED ENTRY ELEMENTS (KOHA)
Source of classification or shelving scheme Library of Congress Classification
Koha item type Books
Classification part BP 135 .A1
Item part A45 2011
Holdings
Withdrawn status Lost status Source of classification or shelving scheme Damaged status Not for loan Collection code Home library Current library Shelving location Date acquired Source of acquisition Cost, normal purchase price Serial Enumeration / chronology Full call number Barcode Date last seen Cost, replacement price Price effective from Koha item type
    Library of Congress Classification     Books Judith Thomas Library Judith Thomas Library General Stacks 21/09/2022 Bought By JTL 12.00 AUA26198 BP 135 .A1 A45 2011 AUA26198 21/09/2022 12.00 21/09/2022 Books